How to Prepare For CUET/ (Record no. 203567)

MARC details
000 -LEADER
fixed length control field 00718nam a22002057a 4500
005 - DATE AND TIME OF LATEST TRANSACTION
control field 20240612164645.0
010 ## - LCCN (DPL NO)
LC control number ENG-140582
020 ## - INTERNATIONAL STANDARD BOOK NUMBER
International Standard Book Number 9789355323613
Terms of availability 699.00
035 ## - SYSTEM CONTROL NUMBER
System control number EN-124114
037 ## - SOURCE OF ACQUISITION
Source of stock number/acquisition DBAD
082 ## - DEWEY DECIMAL CLASSIFICATION NUMBER
Classification number 000
100 ## - MAIN ENTRY--PERSONAL NAME
Personal name Sharma, Arun
245 ## - TITLE STATEMENT
Title How to Prepare For CUET/
Statement of responsibility, etc By Arun Sharma [and] Meenakshi Upadhyay
260 ## - PUBLICATION, DISTRIBUTION, ETC. (IMPRINT)
Place of publication, distribution, etc Chennai
Name of publisher, distributor, etc Mc Graw Hill Education
Date of publication, distribution, etc 2022
270 ## - ADDRESS
Address Anjana Complex NO. 5/90 A, Butt Road, St. Thomas Mount
City Chennai
Postal code 600116
300 ## - PHYSICAL DESCRIPTION
Extent vp.
Dimensions 24cm(pbk)
Other physical details index
500 ## - GENERAL NOTE
General note Complete Coverage of Section I(A) English Language & Section III General Rest of CUET
700 ## - ADDED ENTRY--PERSONAL NAME
Personal name Upadhyay, Meenakshi
9 (RLIN) 67431
942 ## - ADDED ENTRY ELEMENTS (KOHA)
Source of classification or shelving scheme Dewey Decimal Classification
Classification part 000
Item type English Books
Call number suffix SHA
Holdings
Withdrawn status Lost status Not for loan Collection code Home library Current library Date acquired Source of acquisition Cost, normal purchase price Full call number Barcode Copy number Cost, replacement price Koha item type
      Non-fiction Central Library Central Library 12/06/2024 DBAD 699.00 000 SHA EN-124114 1 699.00 English Books

© Delhi Public Library
Hit Counter
free hit counter